000
00276nam a2200097Ia 4500
008
220204s9999 xx 000 0 und d
082
_a
331.567.2
_b
TRA
245
0
_a
Training manual for industrial training centres/institutes
260
_a
India
_b
Govt of India
_c
1963
942
_c
BK
999
_c
23572
_d
23572